| 000 | 00349nam a2200145Ia 4500 | ||
|---|---|---|---|
| 008 | 230312s9999||||xx |||||||||||||| ||und|| | ||
| 020 | _a84-15967-23-1 | ||
| 082 |
_a720.19 _bCOR-N |
||
| 100 | _aCorkett; Tom | ||
| 245 | 0 | _aNew Portable Architecture | |
| 260 |
_bPromopress _aAmerica _c2014 |
||
| 300 | _a240 | ||
| 650 | _aArchitecture | ||
| 942 | _cBK | ||
| 999 |
_c11881 _d11881 |
||